000 01106naa a22003257a 4500
001 BR8804253
003 BR-BrBNA
005 20240918180246.0
007 ta
008 230509b bl.||||| |||| 00| 0 por d
040 _aBR-BrBNA
_bpor
_cBiblioteca Nacional de Agricultura
041 _a(Pt)
072 _aE20
_b3575
_b0336
_b0180
_b0150
_b0120
090 _aE20 BR8804253
100 1 _aJunqueira, P.B.
111 1 _a1. Seminario Paulista de Sementes e Mudas
_cSao Paulo, SP (Brazil)
_d10-12 Dec 1984
245 1 _aSementes basicas para a pequena empresa de sementes
260 3 _aSao Paulo, SP (Brasil):
_c1984.
500 _aAnais do 1. Seminario Paulista de Sementes e Mudas Sao Paulo, SP (Brasil): 1984. P. 401-404 (BR8804253-AM)E20
650 _aEMPRESA AGRICOLA
650 _aSEMENTE
650 _aSOJA
650 _aARROZ
650 _aTRIGO
650 _aPRODUCAO
650 _aABASTECIMENTO
773 0 _tAnais do 1. Seminario Paulista de Sementes e Mudas
_wE20 BR8804253
_gSao Paulo, SP (Brasil), 1984. P. 401-404
909 _a202404
_bLucia
_c55
_dLucia Elande
942 _cAM
_2AGRIS
999 _c319493
_d319493